000 01459cam a22003374a 4500
001 1684084
003 OSt
005 20170322190625.0
008 990114s1999 cau b 001 0 eng
010 _a 99006034
020 _a080395784X (acid-free paper)
040 _aDLC
_cDLC
_dDLC
042 _apcc
050 1 0 _aRT81.5
_b.H25 1999
082 _aWY 205
_bH19 1999
245 0 0 _aHandbook of clinical nursing research /
_cedited by Ada Sue Hinshaw, Suzanne Feetham, Joan Shaver.
260 _aThousand Oaks, Calif. :
_bSage Publications,
_c1999.
300 _axvi, 696 p. ;
_c29 cm.
504 _aIncludes bibliographical references and index.
650 0 _aNursing
_xResearch
_vHandbooks, manuals, etc.
_911922
700 1 _aHinshaw, Ada Sue.
_911923
700 1 _aFeetham, Suzanne.
_911924
700 1 _aShaver, Joan Louise Fowler,
_d1943-
_911925
856 4 2 _3Publisher description
_uhttp://www.loc.gov/catdir/enhancements/fy0656/99006034-d.html
856 4 1 _3Table of contents only
_uhttp://www.loc.gov/catdir/enhancements/fy0656/99006034-t.html
856 4 2 _3Contributor biographical information
_uhttp://www.loc.gov/catdir/enhancements/fy0734/99006034-b.html
906 _a7
_bcbc
_corignew
_d1
_eocip
_f19
_gy-gencatlg
942 _2z
_cO_SHELF
999 _c5728
_d5728